UM Logo
Normal view MARC view
  • Allied health personnel.

Entry Topical Term

Number of records used in: 1

001 - CONTROL NUMBER

  • control field: 38309

003 - CONTROL NUMBER IDENTIFIER

  • control field: OSt

005 - DATE AND TIME OF LATEST TRANSACTION

  • control field: 20190410143754.0

008 - FIXED-LENGTH DATA ELEMENTS

  • fixed length control field: 190410|| aca||aabn | a|a d

040 ## - CATALOGING SOURCE

  • Original cataloging agency: OSt
  • Transcribing agency: OSt

150 ## - HEADING--TOPICAL TERM

  • Topical term or geographic name entry element: Allied health personnel.

670 ## - SOURCE DATA FOUND

  • Source citation: Work cat.: (OSt): Hamburg,Joseph .editor 38163, Review of allied health education :, ©2014.